Chata kpt. Nálepku 1475 m.n.m. Vysoké Tatry
| Other Authors: | |
|---|---|
| Format: | Postcard |
| Language: | Slovak Russian German English |
| PhysicalDescription: | 1 pohľadnica farebná 11 x 15 cm |
| Published: |
Bratislava
ČSTK-Pressfoto
[1985]
|
| Subjects: |
MARC
| LEADER | 00000nkm a2200000 a 4500 | ||
|---|---|---|---|
| 001 | vtls010660099 | ||
| 003 | SK-MaSNL | ||
| 005 | 20260512125702.0 | ||
| 007 | kp co | ||
| 008 | 231214s1985 xo g kzslo | ||
| 035 | |a 7AA3B166-DCED-4F26-8CF9-DC8C80C82D7A | ||
| 035 | |a urn:nbn:sk:snk-kmy0r0 | ||
| 035 | |a urn:nbn:sk:snk-km007xak | ||
| 040 | |a SNK |b slo |c SNK |e AACR2 | ||
| 041 | 0 | |a slo |a rus |a ger |a eng | |
| 044 | |a xo |c SK | ||
| 080 | |a 728.61 |2 2001 | ||
| 080 | |a (234.372.4) |2 2001 | ||
| 080 | |a (084.121) |2 2001 | ||
| 080 | |a (437.6-17) |2 2001 | ||
| 100 | 1 | |a Legutky, Milan, |d 1938-2009 |4 pht |9 7480 | |
| 245 | 1 | 0 | |a Chata kpt. Nálepku 1475 m.n.m. |h grafika |b Vysoké Tatry |c foto: M. Legutky |
| 260 | |a Bratislava |b ČSTK-Pressfoto |c [1985] | ||
| 300 | |a 1 pohľadnica |b farebná |c 11 x 15 cm | ||
| 546 | |a Text aj v ruš., nem., angl. | ||
| 610 | 2 | 7 | |a Chata kpt. Nálepku (Vysoké Tatry, Slovensko) |2 SNK |9 706980 |
| 650 | 0 | 7 | |a horské chaty |2 SNKPH |9 98865 |
| 651 | 7 | |a Vysoké Tatry (Poľsko a Slovensko : pohorie) |2 SNKPH |9 67729 | |
| 655 | 7 | |a geografické pohľadnice |2 SNKPH |9 70522 | |
| 655 | 7 | |a miestne pohľadnice |2 SNKPH |9 70510 | |
| 852 | |a Slovenská národná knižnica | ||
| 958 | |a GC | ||
| 958 | |a GBN | ||
| 958 | |a OND | ||
| 999 | |c 1100913 |d 1102843 | ||
| 952 | |a SNK |b SNK |y PREZ |7 0 |p 17A1122459 |o snkSP 153029 |i snk2015/8600 |8 3 |g 0.50 |0 0 |1 0 |4 0 |d 2015-03-11 |f 1 |l 0 |r 2026-02-24 17:29:27 |w 2026-02-24 | ||
| 952 | |a SNK |b SNK |y PREZ |7 0 |p 17A1160920 |o snkSP 153029 D1 |i snk2015/21149 |8 3 |g 0.50 |0 0 |1 0 |4 0 |d 2015-07-09 |l 0 |r 2026-02-24 17:29:27 |w 2026-02-24 | ||


